Excavations at Kaminaljuyu, Guatemala (Record no. 10072)

MARC details
000 -CABECERA
campo de control de longitud fija 01047nam a2200289 a 4500
001 - NÚMERO DE CONTROL
campo de control BRL_1260
005 - FECHA Y HORA DE LA ÚLTIMA TRANSACCIÓN
campo de control 20190320211121.0
008 - DATOS DE LONGITUD FIJA--INFORMACIÓN GENERAL
campo de control de longitud fija 061213s1946----u--abeo###---#000-0#eng-#
041 ## - CÓDIGO DE LENGUA
Código de lengua del texto/banda sonora o título independiente eng
044 ## - CÓDIGO DEL PAÍS DE LA ENTIDAD EDITORA/PRODUCTORA
Código MARC del país u
050 #4 - SIGNATURA TOPOGRÁFICA DE LA BIBLIOTECA DEL CONGRESO
Número de clasificación F1435.1.K3
Número de documento/Ítem .K53 1946
100 1# - ENTRADA PRINCIPAL--NOMBRE DE PERSONA
Nombre de persona Kidder, Alfred Vincent
Fechas asociadas al nombre 1885-1963
9 (RLIN) 26301
245 10 - MENCIÓN DE TÍTULO
Título Excavations at Kaminaljuyu, Guatemala
Mención de responsabilidad, etc. by Alfre V. Kidder, Jesse D. Jennings, Edwin M. Shook ; with technological notes by Anna O. Shepard.
260 ## - PUBLICACIÓN, DISTRIBUCIÓN, ETC.
Lugar de publicación, distribución, etc. Washington, D.C.
Nombre del editor, distribuidor, etc. Carnegie Institution of Washington
Fecha de publicación, distribución, etc. 1946
300 ## - DESCRIPCIÓN FÍSICA
Extensión ix, 284 p.
Otras características físicas il., láminas, planos, mapas
Dimensiones 30 cm.
440 #0 - MENCIÓN DE SERIE/PUNTO DE ACCESO ADICIONAL--TÍTULO
Título Carnegie Institution of Washington. Publication
Designación de volumen o secuencia 561
9 (RLIN) 26302
500 ## - NOTA GENERAL
Nota general Au1461
504 ## - NOTA DE BIBLIOGRAFÍA, ETC.
Nota de bibliografía, etc. Bibliografía: p. 279-284
650 14 - PUNTO DE ACCESO ADICIONAL DE MATERIA--TÉRMINO DE MATERIA
Término de materia o nombre geográfico como elemento de entrada Excavaciones arqueológicas
Subdivisión geográfica Guatemala
9 (RLIN) 26303
650 14 - PUNTO DE ACCESO ADICIONAL DE MATERIA--TÉRMINO DE MATERIA
Término de materia o nombre geográfico como elemento de entrada Mayas
Subdivisión general Antigüedades
9 (RLIN) 9555
651 #4 - PUNTO DE ACCESO ADICIONAL DE MATERIA--NOMBRE GEOGRÁFICO
Nombre geográfico Kaminaljuyu (Guatemala)
9 (RLIN) 26304
700 1# - PUNTO DE ACCESO ADICIONAL--NOMBRE DE PERSONA
Nombre de persona Jennings, Jesse David
9 (RLIN) 26305
700 1# - PUNTO DE ACCESO ADICIONAL--NOMBRE DE PERSONA
Nombre de persona Shook, Edwin M.
9 (RLIN) 26306
700 1# - PUNTO DE ACCESO ADICIONAL--NOMBRE DE PERSONA
Nombre de persona Shepard, Anna O.
9 (RLIN) 26307
902 ## - CATALOGADOR
Iniciales GRL
942 ## - ELEMENTOS DE PUNTO DE ACCESO ADICIONAL (KOHA)
Fuente del sistema de clasificación o colocación Library of Congress Classification
Tipo de ítem Koha Libros
Holdings
Estado de retiro Estado de pérdida Estado dañado No para préstamo Localización permanente Ubicación/localización actual Fecha de adquisición Número de inventario Total de préstamos Signatura topográfica completa Código de barras Fecha visto por última vez Precio válido a partir de Tipo de ítem Koha
El ejemplar forma parte de la colección y puede ser consultado según las políticas vigentes.       Biblioteca Centro de Estudios Ruth D. Lechuga Biblioteca Centro de Estudios Ruth D. Lechuga 06/12/2013 Au1461   F1435.1.K3 .K53 1946 (Au1461) GRL01379 22/03/2019 22/03/2019 Libros